Trhové hospodárstvo je reálna perspektíva Autor poľskej ekonomickej reformy na Slovensku

Interview, ktoré poskytol autor poľskej ekonomickej reformy L.Balczerovicz. Názory na problémy transformácie ekonomiky, konverzie priemyslu, spoluprácu s Medzinárodným menovým fondom. Pozície Poľska vo Visegrádskej štvorke. Priority Programu rozvoja Poľska do roku 1997.

Salvato in:
Dettagli Bibliografici
Autore principale: Balczerovicz, L.
Altri autori: Janek, Miroslav
Natura: Capitolo di libro
Lingua:slovacco
Soggetti:
Tags: Aggiungi Tag
Nessun Tag, puoi essere il primo ad aggiungerne!!

MARC

LEADER 00000naa a2200000 4500
001 r015916
005 20221213114247.8
041 0 |a slo 
044 |a SK 
245 1 0 |a Trhové hospodárstvo je reálna perspektíva  |b Autor poľskej ekonomickej reformy na Slovensku  |c L. Balczerovicz, Miroslav Janek 
520 |a Interview, ktoré poskytol autor poľskej ekonomickej reformy L.Balczerovicz. Názory na problémy transformácie ekonomiky, konverzie priemyslu, spoluprácu s Medzinárodným menovým fondom. Pozície Poľska vo Visegrádskej štvorke. Priority Programu rozvoja Poľska do roku 1997. 
610 2 0 |a hospodárstvo trhové 
610 2 0 |a reformy hospodárske 
610 2 0 |a Poľsko 
610 2 0 |a programy vládne 
100 1 |a Balczerovicz, L. 
700 1 |a Janek, Miroslav